| 000 | 00371nam a22001457a 4500 | ||
|---|---|---|---|
| 999 |
_c15574 _d15574 |
||
| 003 | OSt | ||
| 008 | 190516b ||||| |||| 00| 0 eng d | ||
| 020 | _a9789382471745 | ||
| 082 |
_a664.07 _bGAN/FO |
||
| 100 |
_aGanguly, Subha _94054 |
||
| 245 | _aFood processing and quality control | ||
| 260 |
_aDelhi _bNarendra Publishing House _c2014 |
||
| 300 | _a105 p. | ||
| 942 | _cBK | ||